000 00609nam a2200193Ia 4500
005 20250508155847.0
008 008 250505s9999 xx 000 0 eng d
037 _aDissertations
040 _aFEDL
_beng
_cFEDL
041 _aeng
_2eng
084 _a910.7, PAR/DI
_qFEDL
100 _aParkash Om
245 0 _aStudy of the attitude of class x students towards history in the higher secondary schools in the union territory of Delhi
260 _c1964
300 _a61p.
546 _aM.Ed. Dissertation (Delhi University)
942 _cDIS
_h910.7, PAR/DI
999 _c1359692
_d1359692